000 01606aam a2200361 i 4500
001 768714001
003 CO-MdFUSB
005 20230331062544.0
007 ta
008 201216t1984 ||||| |||| 00| 0 eng d
020 _a0878404112
040 _bspa.
_aCO-MdFUSB
_cCO-MdFUSB
_dCO-MdFUSBC
_erda
041 _aeng
082 _223
_a241.042
_bF951
100 1 _aFuchs, Josef
_eautor
245 1 0 _aChristian ethics in a secular arena
_c/ Josef Fuchs ; traducido por Bernard Hoose, Brian McNeil
264 1 _aEstados Unidos :
_bGeorgetown University Press,
_c[1984]
264 4 _c© 1984
300 _a154 páginas
_c; 23 cm
336 _atexto
_btxt
_2rdacontent
337 _2rdamedia
_asin mediación
_bn
338 _2rdacarrier
_avolumen
_bnc
505 _gParte I:
_aEn una arena secular - Ética cristiana en una arena secular - Cristianismo, ética cristiana y la crisis de valores - Verdad moral - entre objetivismo y subjetivismo - Verdades morales - ¿Verdad de salvación? -
505 _gParte II:
_aNormas para hoy - Una discusión en curso sobre la ética cristiana: ¿"Actos intrínsecamente malos"? - Naturaleza y cultura en bioética - Autoridad humana - entre lo sacro y lo secular - Fe, ética y ley -
505 _gParte III:
_a Enseñanza moral dentro de la Iglesia - Enseñanza moral: La tensión entre obispos y teólogos dentro de la Iglesia.
563 _aRústico
650 7 _aÉtica cristiana
_2
_9185
700 _94909
_aHoose, Bernard
_etraductor
700 _94910
_aMcNeil, Brian,
_etraductor
942 _cBK
945 _aJTF-925
999 _c46464
_d46464